Joueurs français ayant joué à la Juventus de Turin - Statistiques

Statistiques générales
  • Ce quiz a été pris 111 fois
  • Le résultat moyen est 13 sur 28
Statistiques - réponses
Année d'arrivée Année de départ Club précédant Club suivant Nombre de match Joueurs % Correct
2024 En cours OGC Nice En cours 88 Khéphren Thuram
88%
2001 2006 Parma Calcio 1913 FC Barcelone 204 Lilian Thuram
88%
2019 2024 Paris Saint-Germain Sans Club 212 Adrien Rabiot
87%
2022 2024 Manchester United Sans Club 12 Paul Pogba
87%
2012 2016 Manchester United Manchester United 178 Paul Pogba
87%
1996 2001 FC Girondins de Bordeaux Real Madrid 212 Zinédine Zidane
81%
2017 2020 Paris Saint-Germain Inter Miami CF 133 Blaise Matuidi
80%
2014 2015 Paris Saint-Germain Bayern Munich 22 Kingsley Coman
76%
2000 2010 AS Monaco Hércules CF 320 David Trezeguet
70%
1994 1999 Olympique de Marseille Chelsea FC 178 Didier Deschamps
69%
1982 1987 AS Saint-Etienne Fin de carrière 224 Michel Platini
67%
2024 En cours AC Milan En cours 83 Pierre Kalulu
67%
2025 2025 Paris Saint-Germain Paris Saint-Germain 22 Randal Kolo Muani
67%
1999 1999 AS Monaco Arsenal FC 20 Thierry Henry
65%
2014 2017 Manchester United Olympique de Marseille 82 Patrice Evra
56%
2005 2006 Arsenal FC Inter Milan 42 Patrick Vieira
49%
2013 2013 Shanghai Shenhua West Bromwich Albion 3 Nicolas Anelka
35%
2004 2010 AS Roma Brescia Calcio 117 Jonathan Zebina
19%
2006 2008 Newcastle United Olympique Lyonnais 36 Jean-Alain Boumsong
16%
2022 2024 Juventus Next Gen Yverdon Sport FC 6 Marley Aké
16%
1998 1999 FC Metz RC Lens 21 Jocelyn Blanchard
11%
2002 2003 Juventus Primavera Millwall 0 Aboubacar Fofana
8%
2004 2005 AJ Auxerre AS Monaco 19 Olivier Kapo
8%
1964 1965 Olympique Lyonnais Varese Calcio 38 Nestor Combin
5%
2000 2002 AS Saint-Etienne FC Portsmouth 2 Vincent Péricard
3%
2002 2006 FC Genoa Formation AC Sienne 0 Abdoulay Konko
2%
2001 2006 AS Cannes FC Metz 0 Landry Bonnefoi
2%
2013 2013 LR Vicenza Atalanta Bergame 0 Prince-Désiré Gouano
2%
Aucun quiz correspondant
Distribution des résultats
% des personnes avec chaque résultat
Percentile par nombre de réponses
Votre historique - résultats
Vous n’avez pas pris ce quiz